Asylum and migration glossary 3.0

Salvato in:
Dettagli Bibliografici
Ente Autore: European Commission
Natura: Libro
Lingua:multilingua
Pubblicazione: Brussels European Migration Network 2014
Soggetti:
Tags: Aggiungi Tag
Nessun Tag, puoi essere il primo ad aggiungerne!!

MARC

LEADER 00000nam a2200000 4500
001 0200481
005 20240318113202.0
041 0 |a mul 
044 |a BE 
245 1 0 |a Asylum and migration  |b glossary 3.0 
264 1 |a Brussels  |b European Migration Network  |c 2014 
300 |a 340 s. 
610 2 0 |a migrácia 
610 2 0 |a pohyb obyvateľstva 
610 2 0 |a pohyb síl pracovných medzinárodný 
610 2 0 |a azyl 
610 2 0 |a utečenci 
610 2 0 |a práva ľudské 
610 2 0 |a dohody medzinárodné 
710 2 |a European Commission